000 00432nam a2200181 i 4500
001 bg
100 1 _aDUFF, Alan
245 0 _aLiterature /
_cA. Duff, A. Maley.
260 _aOxford,
_c1992.
490 1 _aResource Books for Teachers
700 1 _aMALEY, Alan
830 _aResource Books for Teachers
040 _cBPK
041 _apol
080 _a802.0(075.8)
942 _cKS
008 s pl f |000 0 pol
999 _c5412
_d5412
856 _uhttp://koha.tu.koszalin.pl/cgi-bin/koha/opac-detail.pl?biblionumber=5412
_yKatalog online BPK